000 00474nam a2200181Ia 4500
001 23754
003 GE_BSU
008 181216s||||||||xx |||||||||||||| ||und||
040 _cGE_BSU
245 _aParis Match, du 18 au24octobre. №3623. 2018
260 _aparis
260 _c2018г
300 _a139p;ill;29cm;
653 _aParis Match, du 18 au24octobre. №3623. . 2018
653 _aПериодика
653 _aპერიოდიკა
942 _cCR
999 _c56633
_d56633